01357nam a2200289 a 4500001001000000003000900010005001700019008004100036040002500077041001300102082002100115100003300136245016800169260004900337300003700386546002500423590002500448650002500473650005400498650008000552700003700632740004500669942001400714952013700728952018500865999001701050000047920DO-SdBNP20250416111946.0181004s1978 dr ac 000 spa d aDO-SdBNPbspacBNPHU17aspaheng a770.97293bI314s1 aLaBrucherie, Roger A.97547810aImágenes de Santo Domingo =ba reminiscence of the Dominican Republic /cpor Roger LaBrucherie; texto español con la colaboración de Mayra Castillo Espinosa. aEl Centro, California :bLaBrucherie,c1978. a[112] p. :bil., mapas ;c18 cm. aEspañol e inglés aInentariado, 2019/VM 0aFotografía 975479 4aRepública dominicanavOBRAS PICTÓRICAS975480 aRepública dominicanaxVida social y costumbresvOBRAS PICTÓRICAS9754811 aCastillo Espinosa, Mayra.9754820 aA reminiscence of the Dominican Republic 2ddccLBS1 0010718PDaPDbPDcHDd2018-10-04iLF1l0o770.97293 I314sp47920-10r2020-06-25w2020-06-25yLFPDzRogel MartínezZNo se presta 0011718PDaPDbPDcMId2019-05-29iLF1l0o770.97293 I314sp47920-20r2020-06-25te.2w2020-06-25yLFPDzPerteneció a la biblioteca personal de Raquel Martínez.ZNo se presta c47408d47408